Quantitative Techniques in Management (Record no. 9142)

MARC details
000 -LEADER
fixed length control field 00373nam a22001577a 4500
003 - CONTROL NUMBER IDENTIFIER
control field OSt
008 - FIXED-LENGTH DATA ELEMENTS--GENERAL INFORMATION
fixed length control field 201118b ||||| |||| 00| 0 eng d
020 ## - INTERNATIONAL STANDARD BOOK NUMBER
International Standard Book Number 978-9352606269
100 ## - MAIN ENTRY--PERSONAL NAME
Personal name VOHRA, N D
245 ## - TITLE STATEMENT
Title Quantitative Techniques in Management
250 ## - EDITION STATEMENT
Edition statement 5 ed
260 ## - PUBLICATION, DISTRIBUTION, ETC. (IMPRINT)
Place of publication, distribution, etc New Delhi
Name of publisher, distributor, etc McGraw Hill
Date of publication, distribution, etc 2019
300 ## - PHYSICAL DESCRIPTION
Extent 1091
650 ## - SUBJECT ADDED ENTRY--TOPICAL TERM
Topical term or geographic name as entry element B.Com. Hons
942 ## - ADDED ENTRY ELEMENTS (KOHA)
Source of classification or shelving scheme Dewey Decimal Classification
Koha item type Text Books
Holdings
Withdrawn status Lost status Source of classification or shelving scheme Damaged status Not for loan Collection code Home library Current library Date acquired Source of acquisition Currency Cost, normal purchase price Bill Number Total Checkouts Acc. no. / Barcode Date last seen Actual Cost, discounted price Bill Date Koha item type
    Dewey Decimal Classification     B.Com. Hons PIET NCR College Library PIET NCR College Library 18/11/2020 Kirti Prakashan IN Rupees 725.00 IN254   N176 18/11/2020 493.00 05/08/2020 Reference Books
    Dewey Decimal Classification     B.Com. Hons PIET NCR College Library PIET NCR College Library 18/11/2020 Kirti Prakashan IN Rupees 725.00 IN254   N177 18/11/2020 493.00 05/08/2020 Text Books
    Dewey Decimal Classification     B.Com. Hons PIET NCR College Library PIET NCR College Library 18/11/2020 Kirti Prakashan IN Rupees 725.00 IN254   N178 18/11/2020 493.00 05/08/2020 Text Books
    Dewey Decimal Classification     B.Com. Hons PIET NCR College Library PIET NCR College Library 18/11/2020 Kirti Prakashan IN Rupees 725.00 IN254   N179 18/11/2020 493.00 05/08/2020 Text Books
    Dewey Decimal Classification     B.Com. Hons PIET NCR College Library PIET NCR College Library 18/11/2020 Kirti Prakashan IN Rupees 725.00 IN254   N180 18/11/2020 493.00 05/08/2020 Text Books
    Dewey Decimal Classification     B.Com. Hons PIET NCR College Library PIET NCR College Library 18/11/2020 Kirti Prakashan IN Rupees 725.00 IN254   N181 18/11/2020 493.00 05/08/2020 Text Books

Design & Developed by: PIET Central Library
R70 Miles Stone Pattikalyana Samalkha Panipat 132102
mail ID :- [email protected], Phone No:- 0180-2569700 Ex.216